Canadian Provinces/Territories by Number of Cities With 100k People - Statistics

General Stats
  • This quiz has been taken 7 times
  • The average score is 11 of 13
Answer Stats
Hint Explanation Answer % Correct
Nova Scotia 1 1 to 3
100%
Newfoundland and Labrador 1 1 to 3
100%
Saskatchewan 2 1 to 3
100%
Nunavut - None
100%
Northwest Territories - None
100%
Yukon - None
100%
Prince Edward Island - None
100%
Ontario 22 11+
80%
Manitoba 1 1 to 3
80%
British Columbia 8 4 to 10
80%
Alberta 3 1 to 3
60%
Québec 10 4 to 10
60%
New Brunswick - None
20%
No matching quizzes found
Score Distribution
Percent of People with Each Score
Percentile by Number Answered
Your Score History
You have not taken this quiz